00943nam a22001815i 4500001000700000003000900007005001700016008004100033040002000074100002200094245011100116260011800227300002100345490006200366500009400428830006000522852017900582160535ES-MaACL20250824074925.0000203s1879 sp |||| | spa d aCAM bspa cCAM1 aNavarro, Calisto.10a¡A lo tonto... a lo tonto _¡ b: juguete cómico en un acto y en verso / coriginal de Calisto Navarro. aMadrid : b[Hijos de A. Gullon editores], c1879 (fEstablecimiento tipográfico de M.P. Montoya y compañía) a29 p. ; c20 cm.1 aEl teatro : colección de obras dramáticas y líricas aEn port.: Estrenado en el teatro de Eslava de Madrid, la noche del 12 de febrero de 1879.03aEl teatro: colección de obras dramática y líricas aES-MaACLjF-8578(2) z-- Enc. pasta española q-- Falto de la cub. originalz-- Enc. en un vol. facticio ormando parte de la col. facticia Teatro español moderno, vol. 31